000 00804nam a2200229Ii 4500
003 JO-AjNU
008 230605s9999||||xx |||||||||||||| ||und||
017 _a1999/13958
020 _a977-279-265-6
040 _aJO-AjNU
_bara
_erda
_cJO-AjNU
041 _aara
050 1 4 _aPJ6151.M83 1999
100 3 _aعبد البديع، محمد,
_eauthor
_913386
245 0 0 _aمختصر النحو العربي: عرض مبسط وافٍ مع دراسة موضحة للقواعد بأمثلة معربة
250 _aط1
264 3 1 _aالقاهرة: دار الأمين، 1999
300 _a244ص
336 _atext
_btxt
_2rdacontent
337 _aunmediated
_bn
_2rdamedia
338 _avolume
_bnc
_2rdacarrier
650 4 _aاللغة العربية-مختصر النحو العربي-قواعد
_913387
999 _aA3320
_c6888
_d6888